Κατάλογος Βιβλιοθηκών Mediterranean College

Communication Arts (Record no. 5478)

MARC details
000 -LEADER
fixed length control field 00997cam a22001934a 4500
005 - ΗΜΕΡΟΜΗΝΙΑ ΚΑΙ ΩΡΑ ΤΕΛΕΥΤΑΙΑΣ ΕΝΗΜΕΡΩΣΗΣ
Πεδίο ελέγχου 20250605163504.0
008 - FIXED-LENGTH DATA ELEMENTS--GENERAL INFORMATION
Πεδίο ελέγχου σταθερού μήκους 250528s ||||||||||||||||||||||||d
035 ## - SYSTEM CONTROL NUMBER
System control number 20358
020 ## - ISBN
ISBN 103519
040 ## - ΠΗΓΗ ΚΑΤΑΛΟΓΟΓΡΑΦΗΣΗΣ
Φορέας πρωτότυπης καταλογογράφησης MC Athens Campus Library
Γλώσσα καταλογογράφησης Ελληνικά, Μοντέρνα (1453-)
Modifying agency MC Athens Campus Library
Κανόνες περιγραφικής καταλογογράφησης AACR2
245 1# - ΤΙΤΛΟΣ ΚΑΙ ΔΗΛΩΣΗ ΥΠΕΥΘΥΝΟΤΗΤΑΣ
Τίτλος Communication Arts
260 ## - PUBLICATION, DISTRIBUTION, ETC.
Name of publisher, distributor, etc. Coyne & Blanchard, Inc,
Date of publication, distribution, etc. 1999
300 ## - PHYSICAL DESCRIPTION
Extent 204
505 0# - FORMATTED CONTENTS NOTE
Formatted contents note Features, The Colorado International Invitational Poster Exhibition, Lee Crum, Ogilvy and Mather and Big Blue, Pioneers, Exhibit, Technology Feature, Technology Reviews, Colums, Freelance, Trendwatch, Legal Affairs, Advertising, Departments, Contributors, Book Reviews, Directory.
520 ## - SUMMARY, ETC.
Summary, etc. Features, The Colorado International Invitational Poster Exhibition, Lee Crum, Ogilvy and Mather and Big Blue, Pioneers, Exhibit, Technology Feature, Technology Reviews, Colums, Freelance, Trendwatch, Legal Affairs, Advertising, Departments, Contributors, Book Reviews, Directory.
942 ## - ADDED ENTRY ELEMENTS (KOHA)
Koha item type Books
Holdings
Τύπος τεκμηρίου Βιβλιοθήκη Τρέχουσα τοποθεσία Barcode Αριθμός εισαγωγής Ημερομηνία απόκτησης Ταξιθετικό σύμβολο Αριθμός αντιτύπου Κατάσταση απόσυρσης Κατάσταση χαμένου Κατάσταση κατεστραμμένου Μη δανεισμός Σύνολο δανεισμών Ημερομηνία τελευταίας εμφάνισης Η τιμή ισχύει από
Books MC Athens Campus Library MC Athens Campus Library 9780000054777 6808 05/06/2025 709.04 COY V.41 N.8 1           05/06/2025 05/06/2025

MC Athens Campus Library
Πατησίων 94 & Κοδριγκτώνος 13, 104 34
Πελλήνης 8 & Πατησίων 107, 112 51
Τ: +30 210 8899600

MC Thessaloniki Campus Library
Ίωνος Δραγούμη 21, 54625 | Ίωνος Δραγούμη 15, 54625
Τ: +30 2310 287779 – Τ: +30 2314 440300